000 00480nam a2200181Ia 4500
001 16561
005 20260306170318.0
008 260306t2014||||xx |||||||||||||| ||und||
041 _aESP
082 _a348.62
_bO26
100 _aObregón Sevillano, Tulio
_eAUT
245 0 _aManual práctico del nuevo régimen del servicio civil:
_bteoría y práctica
260 _c2014
300 _a532 páginas :
_c25 cm.
650 _aGEN
654 _aCDE
942 _cLIB
_dJUS
_fJUS
_2ddc
_n
999 _c16561
_d16561